| 000 | 01496cam a2200421 4500 | ||
|---|---|---|---|
| 001 | 22296 | ||
| 003 | VRT | ||
| 005 | 20260325131407.0 | ||
| 008 | 210624s2019 xo gr 000 fdslo | ||
| 015 | _aSNBA2019/07 | ||
| 020 |
_a9788055168166 _q(viazané) |
||
| 035 | _aurn:nbn:sk:snk-am00e95x | ||
| 035 | _aurn:nbn:sk:snk-am3iga6 | ||
| 035 | _a41E4CDB2-5BE0-4952-9F87-418A49A5E9F5 | ||
| 039 | 9 |
_a202106241122 _bVLOAD _c202102090833 _dVLOAD _c202102081045 _dVLOAD _c201907151552 _dmsnk21 |
|
| 040 |
_aTTKJF _bslo _cTTKJF _dSNK _erda |
||
| 041 | 0 | _aslo | |
| 044 |
_axo _cSK |
||
| 072 | 7 |
_a821.162.4-3 _xSlovenská próza _2konspekt |
|
| 080 |
_a821.162.4-31 _22011 |
||
| 100 | 1 |
_aMacháčová, Adriana, _d1966- _4aut |
|
| 245 | 1 | 0 |
_aTak trochu ženatý _cAdriana Macháčová |
| 264 | 1 |
_aBratislava _bIkar _c2019 |
|
| 300 |
_a260 strán _c21 cm |
||
| 336 |
_atext _btxt _2rdacontent |
||
| 337 |
_abez média _bn _2rdamedia |
||
| 338 |
_azväzok _bnc _2rdacarrier |
||
| 500 | _aObsahuje krátke biografické údaje o autorke na prebale publikácie | ||
| 655 | 7 |
_aslovenské romány _2SNKPH |
|
| 655 | 7 |
_aSlovak fiction _2SNKPHeng |
|
| 910 | _asnk | ||
| 942 |
_2ddc _cKLDO _n0 |
||
| 949 |
_6273K0661395 _asvkpoA 247094 _bsvkpo651858 |
||
| 949 |
_6270001000603653 _asvkbbA 158077 _bsvkbbm 784647 |
||
| 949 |
_617A1374271 _asnkSC 184940 _bsnk2019/17796 _o1400/2019 _s6100:20190717 |
||
| 949 |
_617A1374785 _asnkSC 184940 D1 _bsnk2019/20284 _o1400/19 |
||
| 949 |
_62889351219 _asavukPV 28396 _bsavuk2019/2817 |
||
| 999 |
_c22296 _d22296 |
||